Quiz dos estados brasileiros - São Paulo - Statistics

Estatísticas Gerais
  • Esse quiz foi jogado 363 vezes
    336 desde o último reset
  • A pontuação média é 16 de 26
Estatísticas das Respostas
Dica Resposta % Correto
Capital São Paulo
100%
3 cidades mais populosas São Paulo
100%
3 cidades mais populosas Campinas
87%
Maior porto da América Latina Santos
86%
Maior rio totalmente paulista Tietê
85%
Nas margens desse rio a independência foi declarada Ipiranga
81%
Trópico que corta o estado Capricórnio
80%
3 cidades mais populosas Guarulhos
78%
Piloto tricampeão de fórmula 1 Ayrton Senna
74%
Autor da série de livros "Sítio do Picapau Amarelo" Monteiro Lobato
68%
Bicampeão mundial de surfe Gabriel Medina
67%
Sigla que representa cidades da região metropolitana da capital com forte setor industrial ABC paulista
66%
Principal pista automobilística do país Interlagos
63%
Basílica que é destino de muitos turistas religiosos, sendo o segundo maior templo católico do mundo Nossa Senhora Aparecida
61%
Cidade que sedia tradicional festa do peão de boiadeiro Barretos
60%
Município com a altitude mais elevado do país Campos do Jordão
52%
Pintora modernista de renome internacional Tarsila do Amaral
49%
Vale com relevância econômica significativa homônimo a um estado do nordeste Paraíba
48%
Primeira vila da América portuguesa São Vicente
48%
Segunda maior bolsa de valores do mundo em valor de mercado B3
47%
Principal produto agrícola do estado Açúcar
44%
Serra que atravessa o estado Serra do Mar
43%
Revolução que tinha como objetivo derrubar o presidente Getúlio Vargas Constitucional
34%
Poderosa família industrialista cuja fortuna em seu auge superou a economia de todos os estados brasileiros (exceto SP) Matarazzo
26%
Acelerador de partículas localizado no interior do estado Sirius
7%
Setor industrial de alta tecnologia que representa aprox. 8% das exportações do estado aeronáutico
5%
Nenhum quiz correspondente encontrado
Distribuição das Pontuações
Porcentagem de Pessoas com Cada Pontuação
Percentil de Números Respondidos
Sua Pontuação Histórica
Você não jogou esse quiz desde o último reset